000 01152cam a22002054a 4500
005 20250605164031.0
008 250528s ||||||||||||||||||||||||d
035 _a16647
020 _a1403948356
040 _aGR-AtMCL
_bgre
_dGR-AtMCL
_eAACR2
245 1 _aFinance and Financial Markets / Second Edition
250 _a2nd
260 _bPalgrave Macmillan,
_c2005
300 _a482
520 _aA comprehensive and accessible introduction to finance. Preface, The World of Finance, Financial Intermediation and Financial Markets, Financial Institutions, Monetary Policy and Interest Rate Determination, Domestic and International Money Markets, The Domestic and International Bond Market, Portfolio Analysis: Risk and Return in Financial Markets, The Capital Asset Pricing Model, Stock markets and Equities, The Efficiency of Financial Markets, The Foreign Exchange Market, Theories of Exchange Rate Determination, Financial Futures, Options, Option Pricing, Swap Markets, Regulation of the Financial Sector, Glossary, References, Further Reading, Index.
700 1 _aPilbeam Keith
_92730
942 _cBK
999 _c2123
_d2123